00491nam a22001697a 450000500170000001000150001702000220003203500130005403700130006708200110008010000210009124500460011225000130015826000710017127000490024230000300029120100813115918.0 aENG-100300 a8172083394c16.00 aEN-83832 bDBAD/PUB a230.42 aGoldthwait, John aPurifying the heart /cby John Goldthwati a2nd ed.  aPrasanthi NilayambSri Sathya Sai Books & Publications Trustc2003 aPrasanthi NilayambPrasanthi Nilayame515134 av, 135p.billc22cm (pbk)